000 00642nam a2200277Ia 4500
005 20260121124426.0
008 008 260114s9999 xx 000 0 eng d
020 _a9780300255713
037 _aEBOOK
040 _aCRL
040 _beng
040 _cCRL
041 _2eng
041 _aeng
084 _qCRL
100 _aZitin, Abigail
_9975784
245 0 _aPractical Form
260 _bWalter de Gruyter
260 _bWalter de Gruyter
260 _c2020
650 _aPhilosophy
_9975785
856 _uhttp://www.degruyter.com/isbn/9780300255713
942 _cEBOOK
999 _c1554505
_d1554505